000 00762nam a2200205 i 4500
001 190114
003 ES-MaACL
005 20230906223638.0
008 200729q1870 sp |||| | spa d
080 _a368.10
100 1 _aRubau Donadeu, José.
_9132142
245 1 3 _aLa póliza de seguros contra incendios :
_bexplicada y reducida a la más sencilla expresión, o sea, antes del seguro, durante el seguro y después del siniestro /
_cpor José Rubau Donadeu.
260 _aMadrid :
_b[s.n.],
_c[ca. 1870] (
_fJulio Rubau Donadeu, lit.)
300 _a19 p. ;
_c21 cm.
490 1 _aBiblioteca de seguros
650 4 _aSeguros de incendios.
_9170219
830 1 _aBiblioteca de seguros
_9225878
852 4 _aES-MaACL
_jT-91-F-10
999 _c190114
_d190114